000 00707nam a22002057a 4500
999 _c17998
_d17998
003 AR-CdUCM
008 190511b ||||| |||| 00| 0 spa d
040 _aMUNICIPALIDAD PROVINCIAL DEL CUSCO
_cBIBLIOTECA MUNICIPAL DEL CUSCO
082 _a868.6 /
_bL10
100 _aLaín Entralgo, Pedro
_91461
245 _aOcio y trabajo /
260 _aMadrid :
_bRevista de Occidente,
_c1960.
300 _a325 páginas ;
_c19 cm.
505 _aContenido: El ocio y la fiesta en el pensamiento actual -- Enfermedad y vida humana -- Españoles de pro...
650 _aEnsayos españoles
_9576
650 _aSiglo XX
_98
650 _aLiteratura española
_9362
942 _2ddc
_cLIBROS
945 _adavv
_d2019-05-11